Tejiendo lazos entre territorios : la cooperación descentralizada local unión Europea - América Latina / Editores : Víctor Manuel Godínez Zuñiga i María del Huerto Romero; Consorcio formado por la Municipalidad Valparaíso y la Diputación de Barcelona la cooperación descentralizada local unión Europea - América Latina / Editores :
ISBN:
956-299-447-3
Descripción Física:
377 p. : taules, gràf. ; 23 cm
MARC
| LEADER | 00000nam a2200000Ia 4500 | ||
|---|---|---|---|
| 001 | 16939 | ||
| 008 | 160829s9999 xx 000 0 cat d | ||
| 020 | |a 956-299-447-3 | ||
| 080 | |a M-5-152 | ||
| 245 | |a Tejiendo lazos entre territorios : |b la cooperación descentralizada local unión Europea - América Latina / Editores : |b Víctor Manuel Godínez Zuñiga i María del Huerto Romero; Consorcio formado por la Municipalidad Valparaíso y la Diputación de Barcelona | ||
| 260 | |a Valparaíso (Chile) : |b Municipalidad Valparaiso. Diputació de Barcelona, [2004] | ||
| 300 | |a 377 p. : |b taules, gràf. ; |c 23 cm | ||
| 590 | |a A la portada : Conferencia sobre Partenariado Local Union Europea - Amèrica Latina | ||
| 650 | |a Comunitat Econòmica Europea, Països de la |x Relacions Internacionalsvbcrlf |9 49067 | ||
| 650 | |a Amèrica Llatina |x Relacions Internacionals |9 49068 | ||
| 650 | 0 | |a Cooperació internacional |9 20418 | |
| 700 | |a Godínez Zuñiga, Víctor Manuel |9 49066 |e editor | ||
| 700 | |a Huerto Romero, María del |e editora |9 7723 | ||
| 700 | |a Municipalidad Valparaíso |9 49071 | ||
| 710 | 1 | |a Barcelona (Catalunya : Província). |b Diputació |9 52408 | |
| 901 | |a Arxiu | ||
| 942 | |n 1 |2 udc | ||
| 952 | |0 0 |1 0 |4 0 |6 M5152 |7 1 |9 55066 |a Arxiu |b Arxiu |d 2016-12-01 |l 0 |o M-5-152 |p 16939 |r 2016-12-01 00:00:00 |w 2016-12-01 |y ARXIU | ||
| 999 | |c 58936 |d 58936 | ||